| 000 | 00448 a2200145 4500 | ||
|---|---|---|---|
| 005 | 20250625173223.0 | ||
| 020 | _a0-7879-6963-X | ||
| 082 | _a658.406 WHE | ||
| 100 | _aWHEATLEY, M. | ||
| 245 | _aOrganization Development at Work: Conversations on the Values, Applications and Future of OD. | ||
| 260 |
_aLondon, _bJohn Wiley & Sons, _c2003. |
||
| 300 |
_axxii, 194p.: ill.; _bIndex _c25cm |
||
| 700 | _aTANNENBAUM, R. [...et al...] | ||
| 942 |
_2ddc _cBKS |
||
| 999 |
_c5160 _d5160 |
||